| 000 | 00653nam a2200193Ia 4500 | ||
|---|---|---|---|
| 999 |
_c38047 _d38047 |
||
| 001 | 4033 | ||
| 003 | GE_BSU | ||
| 005 | 20190508204752.0 | ||
| 008 | 181216s1997|||| |||||||||||||| || || | ||
| 040 | _cGE_BSU | ||
| 041 | _ageo | ||
| 080 | _a342.743(479.22)(094.4) ს-32 | ||
| 245 | _aსაქართველოს საგადასახადო კოდექსი | ||
| 264 |
_aთბილისი .: _bპრესი, _c1997. |
||
| 300 |
_a148გვ ; _c21სმ. |
||
| 653 | _aსაქართველოს საგადასახადო კოდექსი | ||
| 653 | _aსამართალი | ||
| 942 |
_cBK _2udc |
||